| 000 | 00767nam a22002417a 4500 | ||
|---|---|---|---|
| 003 | OSt | ||
| 005 | 20260203022322.0 | ||
| 008 | 260203b |||||||| |||| 00| 0 eng d | ||
| 020 | _a0-8151-8901-X. | ||
| 040 |
_aDWCL-Main lib _cOC |
||
| 082 | _aCirc. 610.730971 P869 1997 | ||
| 100 | _aPotter, Patricia Ann | ||
| 245 |
_aCanadian fundamentals of nursing/ _cPotter, Patricia Ann |
||
| 260 |
_aSt. Louis : _bMosby, _cc1997. |
||
| 300 |
_axxvii, 1540 p. : _bcol. ill. ; _c28 cm. |
||
| 504 | _aIncludes bibiliographical references and index. | ||
| 650 | _a1. Nursing-Canada. | ||
| 650 | _a2. Nursing. | ||
| 700 |
_aPerry, Ann Griffin. _eAuthor |
||
| 720 |
_aKerr, Janet C. _eEditor |
||
| 720 |
_4Sirotnik, Marky Kosco _eEditor |
||
| 942 |
_2ddc _cBK-CIRC _hCirc. _n0 |
||
| 999 |
_c8159 _d8159 |
||